AH International Schools' Libraries

Insects (KHMER) / (Record no. 50401)

MARC details
000 -LEADER
fixed length control field 00307nam a2200121 4500
020 ## - INTERNATIONAL STANDARD BOOK NUMBER
International Standard Book Number 9789924654728
100 ## - MAIN ENTRY--PERSONAL NAME
Personal name Ok Van
9 (RLIN) 87087
245 ## - TITLE STATEMENT
Title Insects (KHMER) /
Statement of responsibility, etc Ok Van
260 ## - PUBLICATION, DISTRIBUTION, ETC. (IMPRINT)
Place of publication, distribution, etc Cambodia
Name of publisher, distributor, etc Mindbooks Publishing
Date of publication, distribution, etc 2024
300 ## - PHYSICAL DESCRIPTION
Extent 31 p
Other physical details col. ill.
Dimensions 20 cm.
490 ## - SERIES STATEMENT
Series statement Mindkids: S-20
942 ## - ADDED ENTRY ELEMENTS (KOHA)
Source of classification or shelving scheme
Koha item type Book
Holdings
Withdrawn status Lost status Source of classification or shelving scheme Damaged status Not for loan Collection code Home library Current library Date acquired Total Checkouts Full call number Barcode Date last seen Price effective from Koha item type
          Siem Riep Asian Hope Primary Library Asian Hope Primary Library 04/20/2026   KHMER 595.7 OK 209920 04/20/2026 04/20/2026 Book

For any Logos Library related questions please contact Miss Art at swongnarasuk@asianhope.org.

For any Asian Hope Library related questions please contact Miss Raza at graza@asianhope.org.

Click here to explore our ebooks!

Powered by Koha